| 000 | 00456nam a2200169Ia 4500 | ||
|---|---|---|---|
| 003 | GCL | ||
| 008 | 140319s9999 xx 000 0 ara d | ||
| 040 |
_aGCL / _cGCL |
||
| 082 | 0 | 4 |
_a657.48 _bر س |
| 100 | 1 | _aرحال على | |
| 245 | 1 | 0 |
_aسعر التكلفة و المحاسبة التحليلية / _cرحال على |
| 300 | _a147 ص | ||
| 490 | _a | ||
| 650 | 0 | 4 | _aالمحاسبة |
| 650 | 0 | 4 | _aالمحاسبة المالية |
| 942 |
_2ddc _cBK |
||
| 999 |
_c41289 _d41289 |
||